| 000 | 00555nam a22001817a 4500 | ||
|---|---|---|---|
| 005 | 20160812125116.0 | ||
| 010 | _aENG-115745 | ||
| 020 |
_a9789381384282 _c120.00 |
||
| 035 | _aEN-99277 | ||
| 037 | _bDBAD/PUB | ||
| 082 | _a641.56384 | ||
| 100 | _aMathew, Elizabeth Jyothi | ||
| 245 |
_a(Hundred) 100 Fat-Free Recipes / _cby Elizabeth Jyothi Mathew |
||
| 260 |
_aNew Delhi _bV & S Publishers _c2013 |
||
| 270 |
_aF-2/16 Ansari Road,Daryaganj _bNew Delhi _e110002 |
||
| 300 |
_a117p. _c23cm(pbk) |
||
| 942 |
_2ddc _cEN _h641.56384 _mMAT |
||
| 999 |
_c102257 _d102257 |
||